Гидроторф: учебник

Xehetasun bibliografikoak
Egile nagusia: Веллер М. А.
Gaia:В этом учебнике дается описание технологического процесса гидравлического способа торфодобычи и организации труда рабочих на добыче и разливе. Гидромониторщики, карьерщики, такелажники, разливальщики, для которых написана эта книга, найдут в ней все основное, что им необходимо как для изучения современного технологического процесса гидроторфа в целом, так и для организации своего труда на добыче и разливе. Являясь учебником техминимума для рабочих этих квалификаций, книга позволит рабочим-гидроторфистам заложить начало своего специального технического образования, с тем чтобы, получив звание мастера торфяного производства, они могли продолжать свое дальнейшее образование до уровня работников инженерно-технического труда. Приношу благодарность инж. В. В. Блюменбергу, написавшему § 1 гл. I "Основные свойства торфяных залежей и торфяного топлива" этого учебника.
Hizkuntza:errusiera
Argitaratua: Москва, Госэнергоиздат, 1946
Gaiak:
Formatua: Liburua
KOHA link:https://koha.lib.tpu.ru/cgi-bin/koha/opac-detail.pl?biblionumber=201741

MARC

LEADER 00000nam0a2200000 4500
001 201741
005 20231031185214.0
035 |a (RuTPU)RU\TPU\book\219880 
090 |a 201741 
100 |a 20110929d1946 m y0rusy50 ca 
101 0 |a rus 
102 |a RU 
105 |a a j 000zy 
200 1 |a Гидроторф  |e учебник  |f М. А. Веллер 
210 |a Москва  |c Госэнергоиздат  |d 1946  |a Ленинград 
215 |a 220 с.  |c ил. 
318 |5 63413507  |a Инновационные аспекты добычи, переработки и применения торфа  |b выставка 
330 |a В этом учебнике дается описание технологического процесса гидравлического способа торфодобычи и организации труда рабочих на добыче и разливе. Гидромониторщики, карьерщики, такелажники, разливальщики, для которых написана эта книга, найдут в ней все основное, что им необходимо как для изучения современного технологического процесса гидроторфа в целом, так и для организации своего труда на добыче и разливе. Являясь учебником техминимума для рабочих этих квалификаций, книга позволит рабочим-гидроторфистам заложить начало своего специального технического образования, с тем чтобы, получив звание мастера торфяного производства, они могли продолжать свое дальнейшее образование до уровня работников инженерно-технического труда. Приношу благодарность инж. В. В. Блюменбергу, написавшему § 1 гл. I "Основные свойства торфяных залежей и торфяного топлива" этого учебника. 
610 1 |a гидроторф 
610 1 |a технологические процессы 
610 1 |a торфяные залежи 
610 1 |a торфяное топливо 
610 1 |a добыча 
610 1 |a сушка 
610 1 |a торфяные машины 
610 1 |a торфяное производство 
610 1 |a транспорт 
610 1 |a организация труда 
610 1 |a карьеры 
610 1 |a гидравлический способ 
610 1 |a разлив 
610 1 |a учебники 
675 |a 622.331:622.271(075.8)  |v 3 
700 1 |a Веллер  |b М. А. 
801 1 |a RU  |b 63413507  |c 20110929 
801 2 |a RU  |b 63413507  |c 20111124  |g RCR 
942 |c BK